000 01032nam a2200277Ia 4500
003 OSt
005 20220923211304.0
006 a|||||r|||| 00| 0
007 ta
008 220922b |||||||| |||| 00| 0 hin d
020 _a9788179321751 (hbk)
_c400
024 _a353,298
037 _b330, 27/02/2020, Eastern Book Linkers
_cTextual
040 _aARTS
_cARTS
_bhin
041 _2hin
_ahin
082 _aR65,6:g, Q9
100 _aआर्य, राकेश कुमार, ले.
_9160179
245 0 _aगीता का सांस्कृतिक राष्ट्रवाद
246 _aGītā kā sāanskṛutik rāṣhṭravāda
260 _aजयपुर
_b साहित्यगार
_c2019
300 _a255पृ.
_ccm.
650 _a भगवत् गीता
650 _aभारतीय दर्शन
942 _hR65,6:g, Q9
_cTEXL
_2CC
999 _c298157
_d298157